|
|
|
|
| LEADER |
01204nam a2200265 a 4500 |
| 001 |
GR-Antirio1028 |
| 008 |
140702s2004 gr g 000 0 eng d |
| 020 |
|
|
|a 1587200996
|
| 040 |
|
|
|a GrPaTEI
|b gre
|c GR-PaULI
|
| 040 |
|
|
|a GrPaTEI
|b gre
|c GR-PaULI
|
| 082 |
|
0 |
|a 005.8
|2 22
|
| 100 |
1 |
|
|a Thomas, Tom
|
| 245 |
1 |
0 |
|a Network security first-step /
|c Tom Thomas.
|
| 260 |
|
|
|a Indianapolis :
|b Cisco Press,
|c 2004
|
| 300 |
|
|
|a xxi, 456 σ. :
|b εικ.
|
| 490 |
0 |
|
|a First-step series
|
| 500 |
|
|
|a Περιλαμβάνει ευρετήριο.
|
| 650 |
|
0 |
|a Computer networks
|x Security measures
|
| 650 |
|
4 |
|a Δίκτυα υπολογιστών
|x Μέτρα ασφαλείας
|
| 710 |
0 |
|
|a Cisco Press
|
| 942 |
|
|
|2 ddc
|
| 952 |
|
|
|0 0
|1 0
|2 ddc
|4 0
|6 005_800000000000000_THO
|7 0
|9 262766
|a LISK-2
|b LISK-2
|c BSC
|d 2021-01-17
|e 24
|f 0
|g 0.00
|l 0
|o 005.8 THO
|p 2430000008261
|r 2021-01-17 00:00:00
|t 1
|w 2021-01-17
|y BK15
|x 20140702 0 ΧΑΣΑΝΗ 1
|x GrPaTEI - Antirrio
|
| 952 |
|
|
|0 0
|1 0
|2 ddc
|4 0
|6 005_800000000000000_THO
|7 0
|9 262767
|a LISK-2
|b LISK-2
|c BSC
|d 2021-01-17
|e 24
|f 0
|g 0.00
|l 0
|o 005.8 THO
|p 99243000008260
|r 2021-01-17 00:00:00
|t 1
|w 2021-01-17
|y BK15
|x GrPaTEI - Antirrio
|
| 971 |
|
|
|a .b25708272
|b 15-04-20
|c 12-09-16
|
| 999 |
|
|
|c 151382
|d 151382
|